All IWGP Junior Heavyweight Champions updated - Statistics

General Stats
  • This quiz has been taken 134 times
    48 since last reset
  • The average score is 42 of 93
Answer Stats
Hint Answer % Correct
2015 1 Kenny Omega
91%
2015 2 Kenny Omega
91%
2023 5 Hiromu Takahashi
87%
2017 1 Hiromu Takahashi
87%
2018 2 Hiromu Takahashi
87%
2020 3 Hiromu Takahashi
87%
2021 4 Hiromu Takahashi
87%
2010 1 Prince Devitt
87%
2011 2 Prince Devitt
87%
2012 3 Prince Devitt
87%
2017 1 Will Ospreay
78%
2018 2 Will Ospreay
78%
2019 3 Will Ospreay
78%
2011 1 Kota Ibushi
70%
2012 2 Kota Ibushi
70%
2014 3 Kota Ibushi
70%
2021 1 El Desperado
65%
2021 2 El Desperado
65%
2015 2 Kushida
65%
2016 4 Kushida
65%
2017 5 Kushida
65%
2018 6 Kushida
65%
2014 1 Kushida
65%
2016 3 Kushida
65%
1990 3 Jushin Thunder Liger
61%
1990 2 Jushin Thunder Liger
61%
1991 4 Jushin Thunder Liger
61%
1992 5 Jushin Thunder Liger
61%
1993 6 Jushin Thunder Liger
61%
1996 7 Jushin Thunder Liger
61%
1997 8 Jushin Thunder Liger
61%
1998 9 Jushin Thunder Liger
61%
1999 10 Jushin Thunder Liger
61%
1999 11 Jushin Thunder Liger
61%
2022 3 Taiji Ishimori
57%
2019 1 Taiji Ishimori
57%
2020 2 Taiji Ishimori
57%
1989 1 Jushin Liger
52%
2008 1 Low Ki
48%
2012 2 Low Ki
48%
2012 3 Low Ki
48%
2017 1 Marty Scurll
48%
2003 1 Tiger Mask
48%
2005 2 Tiger Mask
48%
2006 3 Tiger Mask
48%
2008 4 Tiger Mask
48%
2009 5 Tiger Mask
48%
2009 6 Tiger Mask
48%
2005 1 Black Tiger
43%
2007 1 Ryusuke Taguchi
43%
2014 2 Ryusuke Taguchi
43%
2019 1 Dragon Lee
39%
1990 1 Pegasus Kid
39%
2021 1 Robbie Eagles
39%
2016 1 Bushi
35%
1996 1 The Great Sasuke
35%
1988 1 Owen Hart
30%
1992 1 Ultimo Dragon
30%
1996 2 Ultimo Dragon
30%
1992 1 El Samurai
26%
1997 2 El Samurai
26%
2003 3 Heat (Minoru Tanaka)
26%
1987 1 Hiroshi Hase
26%
1989 2 Hiroshi Hase
26%
1999 1 Juventud Guerrera
26%
1995 1 Koji Kanemoto
26%
1995 2 Koji Kanemoto
26%
1999 3 Koji Kanemoto
26%
2002 4 Koji Kanemoto
26%
2006 5 Koji Kanemoto
26%
2006 4 Minoru (Minoru Tanaka)
26%
2000 1 Minoru Tanaka
26%
2002 2 Minoru Tanaka
26%
2010 1 Naomichi Marufuji
26%
2003 1 Jado
22%
2009 1 Mistico
22%
1997 1 Shinjiro Otani
22%
1989 1 Naoki Sano
17%
2007 1 Wataru Inoue
17%
1991 1 Akira Nogami
13%
1999 1 Kendo Kashin
13%
2001 2 Kendo Kashin
13%
1987 1 Kuniaki Kobayashi
13%
1986 1 Shiro Koshinaka
13%
1986 2 Shiro Koshinaka
13%
1988 3 Shiro Koshinaka
13%
2000 1 Tatsuhito Takaiwa
13%
2000 1 Masayuki Naruse
9%
1986 1 Nobuhiko Takada
9%
1991 1 Norio Honaga
9%
1991 2 Norio Honaga
9%
1994 3 Norio Honaga
9%
1995 1 Sabu
9%
No matching quizzes found
Score Distribution
Percent of People with Each Score
Percentile by Number Answered
Your Score History
You have not taken this quiz since the last reset